| 000 | 02575nam0a2200373 4500 | ||
|---|---|---|---|
| 001 | RU\NLR\BIBL_A\012883704 | ||
| 005 | 20220919170151.0 | ||
| 010 |
_a978-5-17-147501-7 _bС.: Лучшая мировая классика |
||
| 010 |
_a978-5-17-148427-9 _bС. Зарубежная классика _91500 |
||
| 021 |
_aRU _bКН-П-22-045357 _9КН-П-22-3918 |
||
| 035 | _a(NLR Aleph) 012883704 | ||
| 035 | _a(RuMoRGB)011140348 | ||
| 090 |
_a12528369 _c12528369 |
||
| 100 | _a20220907d2022 u y0rusy50 ca | ||
| 101 | 1 |
_arus _ceng |
|
| 102 | _aRU | ||
| 105 | _ay z 000zy | ||
| 181 | 0 |
_ai _baxxe |
|
| 182 | 0 | _an | |
| 200 | 1 |
_aЗаписки о Шерлоке Холмсе _eсборник _fАртур Конан Дойл _gперевод с английского [М. и Н. Чуковских и др.] |
|
| 203 |
_aТекст _bвизуальный _cнепосредственный |
||
| 210 |
_aМосква _cАСТ _d2022 |
||
| 215 |
_a382, [1] с. _d21 |
||
| 225 | 1 | _aЗарубежная классика | |
| 327 | 1 | _aСодерж.: Союз рыжих; Скандал в Богемии; Дело о Богемии; Дело о берилловой диадеме; "Медные буки"; Приключения биржевого клерка; Переводчик с греческого; Дело об одинокой велосипедистке; Дело о золотом пенсне; Пропавший трехчетвертной; Происшествие в Эбби-Грейндж; Собака Баскервилей | |
| 330 | _aВ сборник вошли рассказы: "Союз рыжих", "Берилловая диадема", "Переводчик с греческого", "Происшествие в Эбби-Грейндж" и другие. А также одна из самых известных историй о Холмсе и Уотсоне - роман "Собака Баскервилей", в котором герои распутывают тайну загадочной смерти сэра Баскервиля, как-то связанную с проклятием его рода и страшной легендой о дьявольской собаке | ||
| 333 | _a12+ | ||
| 675 |
_a821.111-31/-32 _v4 |
||
| 686 | 1 | _aШ6(4Вл)57-446{Лх1297-45} | |
| 700 | 1 |
_7ca _8rus _aДойл _bА. К. _f1859-1930 _gАртур Конан _9113265 _3RU\NLR\AUTH\773259 |
|
| 942 | _cBOOK | ||
| 980 | _aNB | ||